Alternatívny výrobný odpad - obilné výpalky - k niektorým možnostiam ich využívania

V spracovaní rôznych odpadov, niektorých vedľajších surovín, rastlinnej produkcie úžitkových rastlín, má svoje miesto aj využitie výpalkov obilia. Okrem jačmeňa, kukurice a pšenice sú využívané aj proso, či cirok. Využitie výpalkov má význam i z dôvodov nárastu výroby bioetanolu.

Guardado en:
Detalles Bibliográficos
Autor principal: Stričík, Michal, 1969-
Otros Autores: Franková, Dominika, 1995-
Formato: Capítulo de libro
Lenguaje:eslovaco
Materias:
Etiquetas: Agregar Etiqueta
Sin Etiquetas, Sea el primero en etiquetar este registro!

MARC

LEADER 00000nla a2200000 4500
001 0240745
005 20240502073922.4
041 0 |a slo 
044 |a SK 
245 1 0 |a Alternatívny výrobný odpad - obilné výpalky - k niektorým možnostiam ich využívania  |c M. Stričík, D. Franková 
520 |a V spracovaní rôznych odpadov, niektorých vedľajších surovín, rastlinnej produkcie úžitkových rastlín, má svoje miesto aj využitie výpalkov obilia. Okrem jačmeňa, kukurice a pšenice sú využívané aj proso, či cirok. Využitie výpalkov má význam i z dôvodov nárastu výroby bioetanolu. 
610 2 0 |a odpad výrobný 
610 2 0 |a výroba rastlinná 
610 2 0 |a poľnohospodárstvo 
610 2 0 |a obilniny 
100 1 |a Stričík, Michal, 1969- 
700 1 |a Franková, Dominika, 1995-